|
|
|
|
| LEADER |
00000nam2a2200000 4500 |
| 001 |
231402 |
| 005 |
20231101231100.0 |
| 035 |
|
|
|a (RuTPU)RU\TPU\book\252421
|
| 035 |
|
|
|a RU\TPU\book\251255
|
| 090 |
|
|
|a 231402
|
| 100 |
|
|
|a 20130201d1953 k y0rusy50 ca
|
| 101 |
0 |
|
|a rus
|
| 102 |
|
|
|a RU
|
| 105 |
|
|
|a a z 001zy
|
| 200 |
0 |
|
|a Вып. 143, № 60 : Спорово-пыльцевые комплексы верхнего девона Русской платформы и их значение для стратиграфии
|f С. Н. Наумова
|g гл. ред. В. А. Обручев
|
| 210 |
|
|
|d 1953
|
| 215 |
|
|
|a 198 с.
|c ил.
|
| 317 |
|
|
|5 63413507: КР-766
|a Поступила в НТБ в 2004 г. в составе книжного собрания профессора ТПИ К. В. Радугина
|
| 320 |
|
|
|a Библиогр.: с. 153-154.
|
| 461 |
|
1 |
|0 (RuTPU)RU\TPU\book\84400
|t Труды Института геологических наук. Геологическая серия
|f Академия наук СССР (АН СССР), Институт геологических наук (ИГН)
|v Вып. 143, № 60 : Спорово-пыльцевые комплексы верхнего девона Русской платформы и их значение для стратиграфии
|d 1938-1956
|
| 606 |
1 |
|
|a Девон верхний
|2 stltpush
|3 (RuTPU)RU\TPU\subj\8975
|9 36279
|
| 606 |
1 |
|
|a Спорово-пыльцевой анализ
|2 stltpush
|3 (RuTPU)RU\TPU\subj\55994
|9 73944
|
| 610 |
1 |
|
|a Русская платформа
|
| 610 |
1 |
|
|a стратиграфия
|
| 610 |
1 |
|
|a споры
|
| 610 |
1 |
|
|a пыльца
|
| 610 |
1 |
|
|a морфологическое описание
|
| 610 |
1 |
|
|a морфология
|
| 610 |
1 |
|
|a библиотека К. В. Радугина
|
| 675 |
|
|
|a 551.734.5
|v 3
|
| 675 |
|
|
|a 561
|v 3
|
| 700 |
|
1 |
|a Наумова
|b С. Н.
|
| 702 |
|
1 |
|a Обручев
|b В. А.
|c российский геолог
|c профессор Томского технологического института
|c исследователь Сибири, Центральной и Средней Азии
|c географ
|f 1863-1956
|g Владимир Афанасьевич
|2 stltpush
|3 (RuTPU)RU\TPU\pers\996
|4 651
|
| 801 |
|
1 |
|a RU
|b 63413507
|c 20130121
|
| 801 |
|
2 |
|a RU
|b 63413507
|c 20180828
|g RCR
|
| 942 |
|
|
|c BK
|